| 000 | 00433cam a2200169ua 4500 | ||
|---|---|---|---|
| 020 | _c2.75 | ||
| 041 |
_amal _h |
||
| 082 |
_a894.812308 _bGOP/VY |
||
| 100 | _aGopinathan nair, T.N . | ||
| 245 |
_aVytharani / _cT.N.Gopinathan nair. _hTextual Documents |
||
| 260 |
_aKottayam : _bSahitya Pravarthaka Co-operative Society , _c1970. |
||
| 300 | _a151 ; . | ||
| 365 | _a2.75 | ||
| 504 | _a | ||
| 942 | _cBK | ||
| 999 |
_c897 _d897 |
||